Countries without an E - Statistics

General Stats
  • This quiz has been taken 4,867 times
    4,805 since last reset
  • The average score is 75 of 111
Answer Stats
Asia % Correct
China
86%
Australia
84%
Russia
84%
Japan
83%
Canada
82%
India
82%
Spain
82%
Portugal
81%
Brazil
79%
Finland
79%
Norway
78%
Austria
77%
Andorra
76%
Fiji
76%
Italy
76%
Cuba
75%
Iran
75%
Iraq
75%
Afghanistan
74%
Albania
74%
Latvia
74%
Morocco
74%
Oman
73%
Pakistan
73%
Poland
73%
Colombia
72%
Kazakhstan
72%
Laos
72%
South Africa
72%
Lithuania
71%
Bahamas
70%
Chad
70%
Haiti
70%
Jamaica
70%
Libya
70%
Mali
70%
Togo
70%
Angola
69%
Bhutan
69%
Jordan
69%
Panama
69%
Sudan
69%
Tonga
69%
Uruguay
69%
Bulgaria
68%
Ghana
68%
Honduras
68%
Hungary
68%
Paraguay
68%
Romania
68%
Barbados
67%
Bolivia
67%
Kyrgyzstan
67%
Malta
67%
Monaco
67%
Palau
67%
Saudi Arabia
67%
South Sudan
67%
Thailand
67%
Tuvalu
67%
Cambodia
66%
Costa Rica
66%
Croatia
66%
Cyprus
66%
Kosovo
66%
Mongolia
66%
Nauru
66%
Qatar
66%
Samoa
66%
Syria
66%
Vanuatu
66%
Vatican City
66%
Gambia
65%
Guyana
65%
Tajikistan
65%
Zambia
65%
Antigua and Barbuda
64%
Dominica
64%
Malaysia
64%
Slovakia
64%
Solomon Islands
64%
Tunisia
64%
Bahrain
63%
Kuwait
63%
Marshall Islands
63%
San Marino
63%
Comoros
62%
Djibouti
62%
Kiribati
62%
Mauritania
62%
Nicaragua
62%
Saint Lucia
62%
Somalia
62%
Tanzania
62%
Madagascar
61%
Mauritius
61%
Moldova
61%
Rwanda
61%
Uganda
61%
Botswana
60%
Burundi
60%
Gabon
60%
Namibia
59%
Malawi
58%
Taiwan
58%
Trinidad and Tobago
58%
Sri Lanka
56%
Myanmar
55%
Burkina Faso
53%
Ivory Coast
31%
Swaziland
30%
No matching quizzes found
Score Distribution
Percent of People with Each Score
Percentile by Number Answered
Your Score History
You have not taken this quiz since the last reset